书目信息 |
| 题名: |
高校招生考试及填报志愿指导全书
|
|
| 作者: | 赵亮宏 主编 | |
| 分册: | ||
| 出版信息: | 北京 中国人事出版社 1995 |
|
| 页数: | 467页 | |
| 开本: | 26cm | |
| 丛书名: | ||
| 单 册: | ||
| 中图分类: | G647.32 | |
| 科图分类: | ||
| 主题词: | 高中--升学参考资料 , 高等学校--招生 | |
| 电子资源: | ||
| ISBN: | 7-80076-670-5 | |
| 000 | 00693nam0 2200217 45 | |
| 001 | 0412011612 | |
| 005 | 20041201165727.4 | |
| 010 | @a7-80076-670-5@dCNY38.00 | |
| 100 | @a20041201d1995 km y0chiy0120 ea | |
| 101 | 0 | @achi |
| 105 | @a z 000yy | |
| 200 | 1 | @a高校招生考试及填报志愿指导全书@AGao Xiao Zhao Sheng Kao Shi Ji Tian Bao Zhi Yuan Zhi Dao Quan Shu@f赵亮宏主编@FZhao Liang Hong Zhu Bian |
| 210 | @a北京@c中国人事出版社@d1995 | |
| 215 | @a467页@d26cm | |
| 300 | @a附录:全国普通高等院校专业设置介绍 | |
| 606 | 0 | @a高中@x升学参考资料 |
| 606 | 0 | @a高等学校@x招生 |
| 690 | @aG647.32@v4 | |
| 701 | @a赵亮宏@4主编 | |
| 801 | @aCN@bTSTCL@c20041201 | |
| 905 | @b336544@dG647.32@e152@f1 | |
| 高校招生考试及填报志愿指导全书/赵亮宏主编.-北京:中国人事出版社,1995 |
| 467页;26cm |
| 附录:全国普通高等院校专业设置介绍 |
| ISBN 7-80076-670-5:CNY38.00 |
| ● |
| 相关链接 |
|
|
|
|
正题名:高校招生考试及填报志愿指导全书
索取号:G647.32/152
 
预约/预借
| 序号 | 登录号 | 条形码 | 馆藏地/架位号 | 状态 | 备注 |
| 1 | 0336544 | 203365447 | 第一样本阅览室/ [索取号:G647.32/152] | 在馆 |